| 000 | 004900000a22001810004500 | ||
|---|---|---|---|
| 003 | LK-CoMWRAF | ||
| 008 | 230817t ||||| |||| 00| 0 eng d | ||
| 040 |
_aLK-CoMWRAF _dLK-CoMWRAF _eLK-CoMWRAF |
||
| 041 | _aeng | ||
| 082 |
_a550 _bSHA |
||
| 100 | _aShaheed, Farida | ||
| 245 |
_aControled of autonomous _bidentity and the experience of the network WLUML |
||
| 260 |
_aGrables _bWLUML _c1994 |
||
| 300 | _ap.12 | ||
| 490 | _aOccasional paper No.5 | ||
| 650 | _awomen & islam | ||
| 942 | _cBK | ||
| 999 |
_c936 _d936 |
||